00622nam a2200181 a 450000100100000000500170001000800410002702000150006804000250008310000360010824500790014426000470022330000210027049000370029150000210032871000540034983000370040300004101620201002034543.0130925s1973 sp 001 0 spa d a8400038460 aDO-SdBNPbspacBNPHU1 aCruz Pérez y Pérez, María10aBibliografia del teatro de Lope de Vega /cMaría Cruz Pérez y Pérez. aMadrid :bInstituto de Filología,c1973. a128 p. ;c25 cm.1 aCuadernos bibliográficos ;v29 aIncluye índice2 aConsejo Superior de Investigaciones Científicas 0aCuadernos bibliográficos ;n29